| 000 | 00548nam a22001817a 4500 | ||
|---|---|---|---|
| 999 |
_c18276 _d18276 |
||
| 008 | 200316b xxu||||| |||| 00| 0 eng d | ||
| 020 | _a1292021317 | ||
| 040 |
_aKABU _cKABU |
||
| 050 |
_aQA278 _b.T33 2014 c. 1 |
||
| 100 | _aTabachnick, Barbara G. | ||
| 245 |
_aUsing multivariate statistics _cBarbara G. Tabachnick, Linda S. Fidell |
||
| 260 |
_aEngland _bPearson Education Limited _c2014 |
||
| 300 | _aii, 1056 p. | ||
| 650 | _aMultivariate analysis | ||
| 650 | _aStatistics | ||
| 700 | _aFidell, Linda S. | ||
| 942 |
_2lcc _cBK _hQA278 |
||